<?xml version="1.0" encoding="UTF-8"?>
<record
    xmlns:xsi="http://www.w3.org/2001/XMLSchema-instance"
    xsi:schemaLocation="http://www.loc.gov/MARC21/slim http://www.loc.gov/standards/marcxml/schema/MARC21slim.xsd"
    xmlns="http://www.loc.gov/MARC21/slim">

  <leader>04882nab a22008297  4500</leader>
  <controlfield tag="003">AR-RoUNA</controlfield>
  <datafield tag="022" ind1=" " ind2=" ">
    <subfield code="a">0327-9022</subfield>
  </datafield>
  <datafield tag="040" ind1=" " ind2=" ">
    <subfield code="a">AR-RoUNA</subfield>
    <subfield code="b">spa</subfield>
  </datafield>
  <datafield tag="041" ind1=" " ind2=" ">
    <subfield code="a">spa</subfield>
  </datafield>
  <datafield tag="044" ind1=" " ind2=" ">
    <subfield code="a">ag</subfield>
  </datafield>
  <datafield tag="245" ind1=" " ind2=" ">
    <subfield code="a">Summa+ /</subfield>
    <subfield code="b">Espacio P&#xFA;blico</subfield>
  </datafield>
  <datafield tag="260" ind1=" " ind2=" ">
    <subfield code="a">Buenos Aires (Argentina):</subfield>
    <subfield code="c">Donn SA,</subfield>
    <subfield code="b">1993.</subfield>
  </datafield>
  <datafield tag="300" ind1=" " ind2=" ">
    <subfield code="a">128 p. :</subfield>
    <subfield code="b">il. byn.</subfield>
    <subfield code="b">planos</subfield>
    <subfield code="c">34X25 cm.</subfield>
  </datafield>
  <datafield tag="505" ind1="0" ind2=" ">
    <subfield code="t">INDICE</subfield>
  </datafield>
  <datafield tag="505" ind1="0" ind2=" ">
    <subfield code="a">Valeria Matayshi, Gustavo Alonso Serafin, Constanza Chiozza y Mart&#xED;n Di Peco / El arte de lo perfectamente distinto. p. 1</subfield>
  </datafield>
  <datafield tag="505" ind1="0" ind2=" ">
    <subfield code="t">CARTELERA</subfield>
  </datafield>
  <datafield tag="505" ind1="0" ind2=" ">
    <subfield code="t">EDIFICIOS PUBLICOS</subfield>
  </datafield>
  <datafield tag="505" ind1="0" ind2=" ">
    <subfield code="a">Mart&#xED;n Di Peco / Lugares y Ocasiones. p. 8</subfield>
  </datafield>
  <datafield tag="505" ind1="0" ind2=" ">
    <subfield code="t">CASTILLO ABIERTO</subfield>
  </datafield>
  <datafield tag="505" ind1="0" ind2=" ">
    <subfield code="a">51-1 Arqs + CTRLG / Expansi&#xF3;n del Museo de arte moderno de Medell&#xED;n, Colombia, 2015. p. 10</subfield>
  </datafield>
  <datafield tag="505" ind1="0" ind2=" ">
    <subfield code="t">PERSPECTIVAS HIST&#xD3;RICAS</subfield>
  </datafield>
  <datafield tag="505" ind1="0" ind2=" ">
    <subfield code="a">Llosa Cortegana / Museo de Sitio Pachac&#xE1;mac, Santuario de Pachac&#xE1;mac, Distrito de Lur&#xED;n, Lima, Per&#xFA;, 2015. p. 20</subfield>
  </datafield>
  <datafield tag="505" ind1="0" ind2=" ">
    <subfield code="t">LOS LIBROS DE LA ARQUITECTURA</subfield>
  </datafield>
  <datafield tag="505" ind1="0" ind2=" ">
    <subfield code="a">Sebasti&#xE1;n Irr&#xE1;zaval / Biblioteca p&#xFA;blica de constituci&#xF3;n, Cosntituci&#xF3;n , Chile, 2015. p. 30</subfield>
  </datafield>
  <datafield tag="505" ind1="0" ind2=" ">
    <subfield code="t">KERM&#xC9;S URBANA</subfield>
  </datafield>
  <datafield tag="505" ind1="0" ind2=" ">
    <subfield code="a">Airaudo + Caballero + Gim&#xE9;nez Rita + Llonch / Nuevo Centro Cultural de Rafaela, Provincia de Santa Fe, Argentina, 2011. p. 36</subfield>
  </datafield>
  <datafield tag="505" ind1="0" ind2=" ">
    <subfield code="t">CALLES ELEVADAS</subfield>
  </datafield>
  <datafield tag="505" ind1="0" ind2=" ">
    <subfield code="a">Cl&#xE1;udia Costa Cabral / Anatom&#xED;a de una idea arquitect&#xF3;nica. p. 44</subfield>
  </datafield>
  <datafield tag="505" ind1="0" ind2=" ">
    <subfield code="t">DESACELERACI&#xD3;N URBANA, Gustavo Alonso Serafin y Constanza Chiozza</subfield>
  </datafield>
  <datafield tag="505" ind1="0" ind2=" ">
    <subfield code="t">GESTA P&#xDA;BLICA</subfield>
  </datafield>
  <datafield tag="505" ind1="0" ind2=" ">
    <subfield code="a">Direcci&#xF3;n de Patrimonio Cultural. Gobierno de Mendoza / Memorial de la Bandera de los Andes, Mendoza, Argentina, 2012. p. 52</subfield>
  </datafield>
  <datafield tag="505" ind1="0" ind2=" ">
    <subfield code="t">ESPESOR TRANSITABLE</subfield>
  </datafield>
  <datafield tag="505" ind1="0" ind2=" ">
    <subfield code="a">Cristi&#xE1;n Undurraga / Museo Violeta Parra, Avenida Vicu&#xF1;a Mackenna N&#xBA;37, Santiago Centro, Chile, 2015. p. 60</subfield>
  </datafield>
  <datafield tag="505" ind1="0" ind2=" ">
    <subfield code="t">UNA JARD&#xCD;N PARA LA CIUDAD</subfield>
  </datafield>
  <datafield tag="505" ind1="0" ind2=" ">
    <subfield code="a">M&#xF3;nica Garc&#xED;a Fern&#xE1;ndez y Javier Rubio Montero / C&#xF3;mo Crear Historias / La Misteriosa Historia del Jardin que produce agua, Ceheg&#xED;n, Murcia, Espa&#xF1;a, 2015. p. 68</subfield>
  </datafield>
  <datafield tag="505" ind1="0" ind2=" ">
    <subfield code="t">ESCALERAS URBANAS</subfield>
  </datafield>
  <datafield tag="505" ind1="0" ind2=" ">
    <subfield code="a">Metro Arquitectios / Pra&#xE7;a e Ladeira da Barroquinha, Salvador, Bah&#xED;a, Brasil, 2015. p.72</subfield>
  </datafield>
  <datafield tag="505" ind1="0" ind2=" ">
    <subfield code="t">LA CIUDAD POSIBLE </subfield>
  </datafield>
  <datafield tag="505" ind1="0" ind2=" ">
    <subfield code="a">Marcelo Corti / Gu&#xED;a para la actuaci&#xF3;n urbana. p.76</subfield>
  </datafield>
  <datafield tag="505" ind1="0" ind2=" ">
    <subfield code="t">CONSTRUIR, UN JUEGO DE CHICOS por Valeria Marayoshi. p. 82</subfield>
  </datafield>
  <datafield tag="505" ind1="0" ind2=" ">
    <subfield code="t">ZONA DE JUEGO </subfield>
  </datafield>
  <datafield tag="505" ind1="0" ind2=" ">
    <subfield code="a">B.U.S Architecture / Undeefined Playground, Parque de Innovaci&#xF3;n en Se&#xFA;l, Corea, 2016. p. 84</subfield>
  </datafield>
  <datafield tag="505" ind1="0" ind2=" ">
    <subfield code="t">CIENCIA Y JUEGOS PARA TODOS </subfield>
  </datafield>
  <datafield tag="505" ind1="0" ind2=" ">
    <subfield code="a">Ramiro Gallardo y Max Zolkwer / Juegos para el Parque de las Ciencias, Polo Cient&#xED;fico Tecnol&#xF3;gico, CABA, Espacio dependiente del Programa del programa nacional de popularizaci&#xF3;n de la ciencia y la innovaci&#xF3;n del Ministerio de Ciencia, Tecnolog&#xED;a e Innovaci&#xF3;n productiva de la Naci&#xF3;n, 2016. p. 88</subfield>
  </datafield>
  <datafield tag="505" ind1="0" ind2=" ">
    <subfield code="t">NUESTRO JUEGOS</subfield>
  </datafield>
  <datafield tag="505" ind1="0" ind2=" ">
    <subfield code="a">Lukas F&#xFA;ster / La Plaza de nuestros sue&#xF1;os, Remansito, Villa Hayes, Paraguay, 2015. p. 92</subfield>
  </datafield>
  <datafield tag="505" ind1="0" ind2=" ">
    <subfield code="t">JUGAR APRENDIENDO</subfield>
  </datafield>
  <datafield tag="505" ind1="0" ind2=" ">
    <subfield code="a">Asif Khan / Juego Infantil Elevado, Escuela primaria Chisenhale, East London, Reino Unido, 2016. p. 96</subfield>
  </datafield>
  <datafield tag="505" ind1="0" ind2=" ">
    <subfield code="t">EL CAMPO DE JUEGO</subfield>
  </datafield>
  <datafield tag="505" ind1="0" ind2=" ">
    <subfield code="a">Assemble / The Playing Field, Southampton, Reino Unido, 2014. p. 98</subfield>
  </datafield>
  <datafield tag="505" ind1="0" ind2=" ">
    <subfield code="t">LA &#xDA;LTIMA OBRA DE LOUI KAHN, Fernando Diez</subfield>
  </datafield>
  <datafield tag="505" ind1="0" ind2=" ">
    <subfield code="t">LOIS I. KAHN / Franklin D. Roosevelt four freedoms park, Roosevelt Island, Nueva York, Estados Unidos, 2012. p. 102</subfield>
  </datafield>
  <datafield tag="505" ind1="0" ind2=" ">
    <subfield code="t">RENOVACI&#xD3;N DE UN CL&#xC1;SICO MODERNO, Fernando diez</subfield>
  </datafield>
  <datafield tag="505" ind1="0" ind2=" ">
    <subfield code="a">Alfio Sambataro - Caruso &amp; Torricella / Restauraci&#xF3;n y Modernizaci&#xF3;n Teatro Coliseo, Marcelo T. de Alvear 1125, CABA, Argentina, 2016. p. 110</subfield>
  </datafield>
  <datafield tag="505" ind1="0" ind2=" ">
    <subfield code="t">LE CORBUSIER Y LAS B&#xD3;VEDAS, Edson Da Cunha</subfield>
  </datafield>
  <datafield tag="505" ind1="0" ind2=" ">
    <subfield code="a">Edson Da Cunha / Casas Jaoul, Par&#xED;s, Francia (1951-1956). p. 112</subfield>
  </datafield>
  <datafield tag="505" ind1="0" ind2=" ">
    <subfield code="a">Edson Da Cunha / Casa Sarabhai, Ahmedabad, India (1952-1955). p. 114</subfield>
  </datafield>
  <datafield tag="505" ind1="0" ind2=" ">
    <subfield code="a">Mart&#xED;n Di Peco / El estado del arte. p. 116</subfield>
  </datafield>
  <datafield tag="505" ind1="0" ind2=" ">
    <subfield code="a">Constanza Chiozza / La teor&#xED;a sigue a la pr&#xE1;ctica. p. 118</subfield>
  </datafield>
  <datafield tag="505" ind1="0" ind2=" ">
    <subfield code="t">REACTIVADOR URBANO DESPLAZABLE</subfield>
  </datafield>
  <datafield tag="505" ind1="0" ind2=" ">
    <subfield code="a">Arc&#xF3; + Legambiente / U.M.A. Viviendas de monitoreo ambiental estructura de monitoreo y de sensibilizaci&#xF3;n edioambiental, Roma, barrio Casilino, Villa de Santis Park. p. 121</subfield>
  </datafield>
  <datafield tag="505" ind1="0" ind2=" ">
    <subfield code="a">Daniela Natalia Fern&#xE1;ndez y Mario Sabugo / La facultad y La tormenta. p. 124</subfield>
  </datafield>
  <datafield tag="505" ind1="0" ind2=" ">
    <subfield code="a">Ignacio Ros de Olano / Het Schip, Escuela de &#xC1;msterdam en papel. p. 126</subfield>
  </datafield>
  <datafield tag="505" ind1="0" ind2=" ">
    <subfield code="a">Roberto Fern&#xE1;ndez / Clasicismo Criollo, antimodernidad del joven Villanueva. p. 127</subfield>
  </datafield>
  <datafield tag="505" ind1="0" ind2=" ">
    <subfield code="a">Fabio Quetglas / &#xBF;Qui&#xE9; Manda?. p. 128</subfield>
  </datafield>
  <datafield tag="650" ind1=" " ind2=" ">
    <subfield code="2">Arquitectura contepor&#xE1;nea</subfield>
  </datafield>
  <datafield tag="773" ind1="0" ind2=" ">
    <subfield code="a">Summa+</subfield>
    <subfield code="d">Buenos Aires, Argentina</subfield>
    <subfield code="g">N&#xBA;153 (oct, 2016), p. 128</subfield>
    <subfield code="x">0327-9022</subfield>
  </datafield>
  <datafield tag="908" ind1=" " ind2=" ">
    <subfield code="a">Imp</subfield>
  </datafield>
  <datafield tag="942" ind1=" " ind2=" ">
    <subfield code="2">udc</subfield>
    <subfield code="c">ART</subfield>
  </datafield>
  <datafield tag="945" ind1=" " ind2=" ">
    <subfield code="d">2022-07-08</subfield>
  </datafield>
  <datafield tag="980" ind1=" " ind2=" ">
    <subfield code="6">138</subfield>
    <subfield code="a">Carolina Rainero</subfield>
    <subfield code="8">138</subfield>
    <subfield code="g">Carolina Rainero</subfield>
  </datafield>
  <datafield tag="999" ind1=" " ind2=" ">
    <subfield code="c">12308</subfield>
    <subfield code="d">12308</subfield>
  </datafield>
  <datafield tag="952" ind1=" " ind2=" ">
    <subfield code="0">0</subfield>
    <subfield code="1">0</subfield>
    <subfield code="2">udc</subfield>
    <subfield code="4">0</subfield>
    <subfield code="7">0</subfield>
    <subfield code="a">AR-RoUNA</subfield>
    <subfield code="b">AR-RoUNA</subfield>
    <subfield code="c">Heme</subfield>
    <subfield code="d">2025-12-09</subfield>
    <subfield code="l">0</subfield>
    <subfield code="p">1002896</subfield>
    <subfield code="r">2025-12-09</subfield>
    <subfield code="t">ej. 1</subfield>
    <subfield code="w">2025-12-09</subfield>
    <subfield code="y">ART</subfield>
    <subfield code="k">K6</subfield>
    <subfield code="x"></subfield>
  </datafield>
</record>
